000 00705nam1a22002171i 4500
001 rc\950366
005 20240723223952.0
035 _a(NLR Aleph) 006243987
090 _a6691768
_c6691768
100 _a20041129g19829999u |0rusy50 ca
101 0 _arus
102 _aRU
105 _ay |||||||||
200 1 _aОсновные показатели медицинского обслуживания сельского населения...
_fМ-во здравоохранения РСФСР, Бюро мед. статистики
210 _aМ.
_cБ. и.
_d1982-
215 _d20
333 _aДСП
801 0 _aRU
_bNLR
_gpsbo
801 1 _aRU
_bELAR
_2rusmarc
852 _aNLR
_j81-50К/5404
942 _cBOOK